000
00199 a2200097 4500
020
_a
9781575651613
041
_a
spa
100
_a
Williams Aber, Linda
245
_a
Carrie esta a la altura
942
_c
BK
999
_c
1043
_d
1043